Countries That Are Banned From... - Statistics

General Stats
  • This quiz has been taken 58 times
    51 since last reset
  • The average score is 8 of 17
Answer Stats
Medias/Games Countries Banned From Medias/Games % Correct
Youtube Eritrea | Iran | Turkmenistan
100%
Roblox Guatemala | Iran | Jordan | Oman
73%
Learning English Iran
73%
Alcohol Afghanistan | Iran | Kuwait | Libya | Mauritania | Saudi Arabia | Somalia
67%
Spotify Cuba | Iran | Iraq | Libya | Myanmar| Somalia | Sudan | Venezuela
67%
Call Of Duty Belgium | Iran | Pakistan | Uzbekistan
61%
WhatsApp Cuba | Iran | Syria | Turkmenistan
61%
Discord Iran | Oman | United Arab Emirates
61%
Coca Cola Cuba | Russia
52%
Pokémon Go Iran
52%
Beef India | Nepal
42%
Netflix Russia | Syria
33%
Pinterest Belarus
24%
Simpson Venezuela
21%
Monster Denmark | France | Norway
18%
Mortal Kombat Germany | Indonesia | South Korea | Ukraine| Uzbekistan
18%
Fanta Japan | Nigeria
15%
No matching quizzes found
Score Distribution
Percent of People with Each Score
Percentile by Number Answered
Your Score History
You have not taken this quiz since the last reset